HCHS Focus Artists 2014 Movements Quiz Stats

 Plays Quiz not verified by Sporcle

Score 0/20 Timer 03:00
0 Plays Today
% Correct
Surrealism
88.9%
Hudson River School
88.9%
De Stijl
83.3%
Post-Impressionism
83.3%
Renaissance (Italian)
83.3%
Post Impressionism
83.3%
Surrealism
77.8%
Renaissance (German)
72.2%
Modernism
72.2%
Romanticism
72.2%
% Correct
Impressionism
72.2%
Rococo
66.7%
Impressionism
66.7%
Baroque (Spanish)
66.7%
Baroque (Flemish)
66.7%
Renaissance (Dutch and Flemish)
61.1%
Realism (American Realism)
61.1%
Baroque
61.1%
Baroque (Flemish)
61.1%
Realism (sometimes Ashcan School)
55.6%

You're not logged in!

Compare scores with friends on all Sporcle quizzes.
OR
Log In

Sporcle TV

Today on Sporcle TV


Watch our educational content, quiz creation guides, and fun videos on Sporcle TV.

Show Comments

Extras

Top Quizzes Today


Score Distribution

Your Account Isn't Verified!

In order to create a playlist on Sporcle, you need to verify the email address you used during registration. Go to your Sporcle Settings to finish the process.

Report this User

Report this user for behavior that violates our Community Guidelines.

Details: